000 003130000a22001330004500
020 _a1-85348-557-7
082 0 4 _aGI CE Ab34c
100 1 _aAbel, Simone
245 1 0 _aI can multiply / Ilustrado por Simone Abel
260 _aGreat Britain : New Burlington Books
300 _a16 P.
001 1385
942 _cLGB
999 _c48551
_d48551